[Event "Michigan Class A"]
[Site "Grand Rapids, MI"]
[Date "1998.??.??"]
[Round "?"]
[White "Williams, Ron"]
[Black "Turner, Keita"]
[Result "0-1"]
[WhiteElo "1870"]
[BlackElo "1840"]
[PlyCount "76"]
[EventDate "1998.01.??"]

1. c4 Nf6 2. Nc3 g6 3. g3 Bg7 4. Bg2 O-O 5. Nf3 c5 6. O-O d6 7. d3 Nc6 8. Bd2
Bd7 9. a3 Qc8 10. Re1 Bh3 11. Bh1 Rd8 12. Qc1 Bg4 13. Rb1 Bxf3 14. Bxf3 Nd4 15.
Bg2 Nb3 16. Qc2 Nxd2 17. Qxd2 Rb8 18. b4 b6 19. Nb5 Qd7 20. Nc3 h5 21. b5 Qf5
22. Nd5 Nxd5 23. Bxd5 e6 24. Be4 Qf6 25. Qa2 h4 26. h3 hxg3 27. fxg3 Qg5 28. g4
Bd4+ 29. Kg2 f5 30. Bf3 Be3 31. Rh1 Qh4 32. Rhg1 f4 33. Kh2 Rd7 34. g5 Rh7 35.
Bg4 Kf7 36. Qb2 e5 37. Rbf1 Rbh8 38. Qb1 Qxh3+ 0-1

[Event "Michigan Class A"]
[Site "Grand Rapids, MI"]
[Date "1998.??.??"]
[Round "?"]
[White "Williams, Ron"]
[Black "Skidmore, Mike"]
[Result "0-1"]
[WhiteElo "1605"]
[BlackElo "1930"]
[PlyCount "84"]
[EventDate "1998.01.??"]

1. c4 c6 2. Nc3 d5 3. cxd5 cxd5 4. d4 Nf6 5. Nf3 e6 6. Bg5 Be7 7. e3 O-O 8. Bd3
Nc6 9. a3 a6 10. Rc1 Na5 11. O-O Nc4 12. Qc2 h6 13. Bh4 Bd7 14. Bxc4 dxc4 15.
Rfd1 Bc6 16. Ne5 Rc8 17. a4 Qe8 18. b3 cxb3 19. Qxb3 Bd5 20. Qb2 Ne4 21. Bxe7
Nxc3 22. Rxc3 Qxe7 23. Rdc1 Rxc3 24. Rxc3 Qg5 25. f4 Qh5 26. Rc1 f6 27. Nd3 b6
28. Nf2 Qg6 29. g4 h5 30. Qb1 f5 31. g5 h4 32. Qd3 Qh5 33. e4 fxe4 34. Qe3 Qf7
35. Nh3 Qf5 36. Kf2 e5 37. dxe5 Qxe5 38. Kg1 Qf5 39. Kf2 Be6 40. Rc3 Qd5 41.
Ng1 Qxg5 42. Ne2 h3 0-1

[Event "Lansing Mini-Swiss.1"]
[Site "Lansing, MI"]
[Date "1998.??.??"]
[Round "?"]
[White "Williams, Ron"]
[Black "Settle, R."]
[Result "1-0"]
[WhiteElo "1845"]
[BlackElo "1745"]
[PlyCount "82"]
[EventDate "1998.??.??"]

1. c4 f5 2. Nc3 Nf6 3. g3 g6 4. Bg2 Bg7 5. Nf3 d6 6. d4 O-O 7. O-O c6 8. d5 c5
9. Qd3 Nbd7 10. e4 Qe8 11. Re1 Ne5 12. Nxe5 dxe5 13. Be3 fxe4 14. Nxe4 Nxe4 15.
Bxe4 b6 16. Rad1 Bf5 17. f3 Rd8 18. Rd2 Bc8 19. Qa3 a5 20. Qc3 Rd6 21. a3 Qa4
22. Kg2 Ba6 23. Rc2 Bc8 24. Bd2 Qd7 25. g4 Bb7 26. b4 a4 27. bxc5 bxc5 28. Qa5
Ra8 29. Qxc5 Rc8 30. Qf2 Bxd5 31. cxd5 Rxc2 32. Bxc2 Rxd5 33. Be3 Qd6 34. Be4
Rb5 35. Qd2 Qxd2+ 36. Bxd2 Rb2 37. Re2 Bh6 38. Bxh6 Rxe2+ 39. Kg3 e6 40. Bc6
Ra2 41. Bxa4 Rxa3 {[Remainder illegible]} 1-0

[Event "Michigan Open"]
[Site "Flint, MI"]
[Date "1998.??.??"]
[Round "?"]
[White "Williams, Ron"]
[Black "Roe, Philip"]
[Result "0-1"]
[WhiteElo "1840"]
[BlackElo "2045"]
[PlyCount "100"]
[EventDate "1998.09.??"]

{9/6} 1. c4 g6 2. Nc3 Bg7 3. g3 d6 4. Bg2 f5 5. d4 Nh6 6. Nf3 O-O 7. O-O c6 8.
Bf4 Nf7 9. d5 e5 10. dxe6 Bxe6 11. Nd4 Bd7 12. h4 Qf6 13. Nf3 h6 14. Qb3 Bc8
15. Rad1 Nd7 16. Bxd6 Re8 17. Rfe1 Nxd6 18. c5+ Nf7 19. Rd6 Qe7 20. Rxg6 Kh7
21. h5 Nxc5 22. Qc2 Nh8 23. Nh4 Ne4 24. Bh3 Nxg6 25. Nxf5 Qc5 26. hxg6+ Kh8 27.
Qxe4 Rxe4 28. Nxe4 Qa5 29. b4 Qxb4 30. Rd1 Bxf5 31. Bxf5 Qb5 32. g4 Qxe2 33.
Rd7 Re8 34. Nd6 Qd1+ 35. Kg2 Qd5+ 36. Be4 Rxe4 37. Nf7+ Kg8 38. Rd8+ Qxd8 39.
Nxd8 Rb4 40. Kf3 c5 41. Ne6 Bd4 42. Kg3 Rb2 43. f4 Rxa2 44. f5 Ra6 45. Nd8 Be5+
46. Kf3 b5 47. Ke4 Bf6 48. Nb7 c4 49. Kd5 c3 50. Nc5 Rb6 0-1

[Event "Michigan Open"]
[Site "Flint, MI"]
[Date "1998.??.??"]
[Round "?"]
[White "Williams, Ron"]
[Black "Kulbacki, James"]
[Result "1/2-1/2"]
[WhiteElo "1840"]
[BlackElo "2045"]
[PlyCount "132"]
[EventDate "1998.09.??"]

{9/4} 1. c4 Nf6 2. g3 c6 3. Bg2 d5 4. cxd5 cxd5 5. d4 Nc6 6. Nf3 g6 7. O-O Bg7
8. Nc3 O-O 9. Bf4 Ne4 10. Rc1 a6 11. a3 Nxd4 12. Nxd4 e5 13. Be3 exd4 14. Bxd4
Nxc3 15. Rxc3 Re8 16. Bxg7 Kxg7 17. e3 Be6 18. Qd4+ Qf6 19. Rd1 Rac8 20. Bxd5
Rxc3 21. bxc3 Bxd5 22. Qxf6+ Kxf6 23. Rxd5 Rc8 24. Rd3 Rc4 25. Kf1 Ke6 26. Ke2
Ra4 27. Rd2 Rxa3 28. Kd3 f5 29. Kc4 b5+ 30. Kb4 Ra4+ 31. Kb3 Ra1 32. Kb2 Rf1
33. h4 a5 34. Kc2 h6 35. Kd3 g5 36. hxg5 hxg5 37. Ra2 b4 38. cxb4 axb4 39. Rb2
f4 40. gxf4 gxf4 41. Ke2 Rc1 42. Rxb4 fxe3 43. fxe3 Ke5 44. Kd2 Rh1 45. Rc4 Rg1
46. Rc8 Ke4 47. Re8+ Kd5 48. Kd3 Rg3 49. Ra8 Rg1 50. Ra5+ Ke6 51. Kd4 Rd1+ 52.
Ke4 Rh1 53. Ra6+ Ke7 54. Kd4 Rb1 55. e4 Rb4+ 56. Ke5 Rb5+ 57. Kf4 Rh5 58. e5
Rh4+ 59. Kf5 Rh5+ 60. Ke4 Rh1 61. Ra3 Re1+ 62. Kd4 Rd1+ 63. Rd3 Rxd3+ 64. Kxd3
Ke6 65. Ke4 Ke7 66. Kd5 Kd7 1/2-1/2

[Event "Michigan Open"]
[Site "Flint, MI"]
[Date "1998.??.??"]
[Round "?"]
[White "Williams, Ron"]
[Black "Hartwig, Thomas"]
[Result "1-0"]
[WhiteElo "1840"]
[BlackElo "2015"]
[PlyCount "92"]
[EventDate "1998.09.??"]

{9/5} 1. c4 e5 2. g3 Nf6 3. Nc3 c6 4. Bg2 d5 5. cxd5 cxd5 6. d4 e4 7. Qb3 Nc6
8. e3 Bd6 9. Bd2 O-O 10. a3 Na5 11. Qa2 Be6 12. b3 Qd7 13. h3 b6 14. Nge2 Rac8
15. Rc1 Nc6 16. b4 Bxb4 17. Nf4 Bd6 18. Nxe6 fxe6 19. O-O Na5 20. Rfd1 Nc4 21.
a4 h6 22. Be1 a6 23. Qb3 Qc7 24. Bf1 Na5 25. Qb2 Qa7 26. Na2 Nc4 27. Qb3 b5 28.
Rc2 Qd7 29. axb5 axb5 30. Nb4 Ra8 31. Ra2 Ra4 32. Rda1 Rfa8 33. Be2 e5 34. Kg2
exd4 35. exd4 Qe7 36. Nc6 Qe8 37. Nb4 e3 38. f3 Nd2 39. Bxd2 exd2 40. Bd3 Bxb4
41. Rxa4 Rxa4 42. Rd1 Qe3 43. Bh7+ Kxh7 44. Qxe3 Ra3 45. Qe2 Bc3 46. Qxb5 Ra8
1-0

[Event "U.S. Amateur North"]
[Site "Detroit, MI"]
[Date "1998.??.??"]
[Round "?"]
[White "Williams, Ron"]
[Black "Feldstein, R."]
[Result "1/2-1/2"]
[WhiteElo "1830"]
[BlackElo "2000"]
[PlyCount "136"]
[EventDate "1998.05.??"]

{5/24} 1. c4 e5 2. g3 d5 3. cxd5 Qxd5 4. Nf3 Bb4 5. a3 e4 6. Nh4 Be7 7. Ng2 Bc5
8. Nc3 Qc6 9. e3 a6 10. Qa4 Qxa4 11. Nxa4 Bd6 12. d3 Bd7 13. Nc3 exd3 14. Bxd3
Nf6 15. O-O Nc6 16. Ne4 Be7 17. Nxf6+ Bxf6 18. Be4 Na5 19. Nf4 Nb3 20. Rb1 c6
21. Bc2 Nxc1 22. Rfxc1 h5 23. h4 g5 24. Ng2 Rg8 25. Kh2 gxh4 26. Nxh4 Bxh4 27.
gxh4 Rg4 28. f3 Rxh4+ 29. Kg2 O-O-O 30. Rh1 Rxh1 31. Rxh1 Be6 32. Rd1 Rg8+ 33.
Kf2 h4 34. Rg1 Rd8 35. Rd1 Bd7 36. f4 Rg8 37. Rg1 Rg4 38. f5 Rc4 39. Bd3 Rc5
40. e4 Re5 41. Rh1 c5 42. Rxh4 Bb5 43. Bxb5 axb5 44. Ke3 Kc7 45. Rh6 b6 46. Kf4
Re7 47. Rh2 Kc6 48. Rd2 b4 49. axb4 c4 50. b3 Kb5 51. bxc4+ Kxc4 52. f6 Ra7 53.
Rb2 b5 54. Kf5 Kc3 55. Rb1 Kc2 56. Rg1 Kc3 57. e5 Kxb4 58. Rg7 Kc5 59. e6 fxe6+
60. Kxe6 Ra6+ 61. Ke5 Ra8 62. f7 Rf8 63. Ke6 b4 64. Rg8 Rxf7 65. Kxf7 b3 66.
Kf6 Kc4 67. Rb8 Kc3 68. Rc8+ Kd2 1/2-1/2

[Event "U.S. Amateur North"]
[Site "Detroit, MI"]
[Date "1998.??.??"]
[Round "?"]
[White "Williams, Ron"]
[Black "Dolin, Jack"]
[Result "1-0"]
[WhiteElo "1830"]
[BlackElo "1605"]
[PlyCount "61"]
[EventDate "1998.05.??"]

{5/23} 1. c4 e5 2. g3 Nf6 3. Bg2 c5 4. Nc3 Nc6 5. d3 g6 6. Nf3 Bg7 7. O-O O-O
8. Bd2 d6 9. h3 Be6 10. Ng5 Qd7 11. Nxe6 fxe6 12. e4 Nd4 13. a4 a6 14. a5 Rab8
15. Na4 Qd8 16. Bc3 Nd7 17. Bxd4 exd4 18. Qd2 e5 19. b4 Bf6 20. h4 Rc8 21. Rab1
Rc7 22. Bh3 Qe7 23. Bxd7 Qxd7 24. Nb6 Qh3 25. Nd5 Rd7 26. bxc5 dxc5 27. Rb2 Bd8
28. Rfb1 Rdf7 29. Rxb7 Rxb7 30. Rxb7 Bxh4 31. Qh6 1-0

[Event "Michigan Amateur"]
[Site "Kalamazoo "]
[Date "1998.??.??"]
[Round "?"]
[White "Williams, Ken"]
[Black "Newhouse, Gregory"]
[Result "1-0"]
[WhiteElo "1950"]
[BlackElo "1605"]
[PlyCount "95"]
[EventDate "1998.07.??"]

{7/18} 1. d4 Nf6 2. c4 e6 3. Nc3 d5 4. Bg5 Be7 5. e3 O-O 6. cxd5 exd5 7. Bd3 c6
8. Qc2 Nbd7 9. Nge2 b6 10. Rb1 a5 11. O-O Ba6 12. Bxa6 Rxa6 13. Rbd1 Re8 14. f3
b5 15. e4 Nb6 16. Ng3 Nfd7 17. Bxe7 Rxe7 18. e5 Nc4 19. Qf2 f6 20. f4 a4 21.
Rde1 b4 22. Nd1 Ra8 23. Ne3 Qf8 24. Nxc4 dxc4 25. e6 Nb6 26. Nf5 Nd5 27. Nxe7+
Qxe7 28. f5 a3 29. bxa3 Rxa3 30. Qe2 Rd3 31. Qf2 Ra3 32. Rc1 c3 33. Rc2 Qd6 34.
Qg3 Qxg3 35. hxg3 Kf8 36. Kf2 Ne7 37. g4 h6 38. Rb1 Nd5 39. g3 Ke7 40. Rb3 Ra7
41. Kf3 Kd6 42. Ke4 Ra5 43. Kd3 Rb5 44. a3 bxa3 45. Rxa3 Nb4+ 46. Kxc3 Nxc2 47.
Kxc2 Rb8 48. Ra7 1-0

[Event "Michigan Amateur"]
[Site "Kalamazoo "]
[Date "1998.??.??"]
[Round "?"]
[White "Williams, Ken"]
[Black "McNair, Shawn"]
[Result "1-0"]
[WhiteElo "1950"]
[BlackElo "1605"]
[PlyCount "93"]
[EventDate "1998.07.??"]

{7/18} 1. d4 Nf6 2. c4 e5 3. dxe5 Ng4 4. Nf3 Bc5 5. e3 Nc6 6. Be2 Ngxe5 7. Nc3
d6 8. O-O O-O 9. b3 Re8 10. Bb2 a5 11. a3 Re6 12. Nd5 Nxf3+ 13. Bxf3 Ne5 14.
Bxe5 Rxe5 15. b4 axb4 16. axb4 Rxa1 17. Qxa1 c6 18. bxc5 cxd5 19. cxd5 Qc7 20.
cxd6 Qxd6 21. Rc1 Re8 22. Qc3 Bd7 23. Qc7 Qa3 24. h3 b5 25. Kh2 Qe7 26. e4 f6
27. Qf4 Qd8 28. Qd6 Qb8 29. Qxb8 Rxb8 30. Bg4 Bxg4 31. hxg4 b4 32. Kg3 Kf8 33.
Kf3 Rb7 34. Ke3 Ke7 35. Kd4 b3 36. Rb1 Rb4+ 37. Kd3 g5 38. f3 Kd6 39. Kc3 Kc5
40. Rxb3 Rc4+ 41. Kd2 Rd4+ 42. Ke3 Kc4 43. Rb4+ Kxb4 44. Kxd4 Kb5 45. e5 fxe5+
46. Kxe5 Kb6 47. Ke6 1-0

[Event "Michigan Amateur"]
[Site "Kalamazoo "]
[Date "1998.??.??"]
[Round "?"]
[White "Williams, Ken"]
[Black "Brumley, Ron"]
[Result "1/2-1/2"]
[WhiteElo "1950"]
[BlackElo "1755"]
[PlyCount "119"]
[EventDate "1998.07.??"]

{7/19} 1. d4 d5 2. c4 dxc4 3. e3 e5 4. Bxc4 exd4 5. exd4 Nf6 6. Nf3 Be7 7. O-O
O-O 8. Nc3 Bg4 9. Be3 Nbd7 10. h3 Nb6 11. Bb3 Bh5 12. Qe2 Re8 13. g4 Bg6 14.
Ne5 Nfd5 15. Qf3 c6 16. Rad1 Bb4 17. a3 Bxc3 18. bxc3 Qf6 19. Qxf6 gxf6 20.
Nxg6 hxg6 21. Bd2 Kg7 22. c4 Nc7 23. Bc3 Rad8 24. a4 Ne6 25. f4 c5 26. d5 Nd4
27. Bxd4 cxd4 28. Rxd4 Re3 29. Rb1 Nd7 30. Kg2 Nc5 31. Bd1 Ra3 32. d6 b6 33. f5
Nb7 34. Bf3 Rxd6 35. Rbd1 Rxd4 36. Rxd4 Nc5 37. Bc6 Nxa4 38. Bxa4 Rxa4 39. fxg6
fxg6 40. Rd7+ Kh6 41. Rc7 g5 42. c5 bxc5 43. Rxc5 Kg6 44. Rc7 Ra3 45. Rb7 f5
46. gxf5+ Kxf5 47. Rb5+ Kg6 48. Rc5 Ra6 49. Rc7 Ra5 50. Kg3 Kf5 51. Rf7+ Ke6
52. Rg7 a6 53. Kg4 Kd6 54. Rg6+ Kc7 55. Rg7+ Kd8 56. Rg8+ Ke7 57. Rg7+ Kf6 58.
Ra7 Ra4+ 59. Kg3 a5 60. Ra8 1/2-1/2

[Event "Kalamazoo Mini-Swiss.1"]
[Site "Kalamazoo, MI"]
[Date "1998.??.??"]
[Round "?"]
[White "Williams, Ken"]
[Black "Anderson, Gale"]
[Result "1/2-1/2"]
[WhiteElo "1795"]
[BlackElo "1965"]
[PlyCount "64"]
[EventDate "1998.??.??"]

1. d4 d5 2. c4 c5 3. cxd5 cxd4 4. Qxd4 e6 5. Nc3 Nc6 6. Qd1 exd5 7. Qxd5 Nf6 8.
Qxd8+ Nxd8 9. Bg5 Bb4 10. Rd1 Be6 11. Bxf6 gxf6 12. h3 Bxc3+ 13. bxc3 Rg8 14.
e4 Rg5 15. Nf3 Ra5 16. Ra1 Rc8 17. Kd2 Nc6 18. Nd4 Rd8 19. Ke3 Rc5 20. Nxe6
Rxc3+ 21. Kf4 fxe6 22. Bb5 Rd2 23. f3 Rxg2 24. Rhc1 Rxc1 25. Rxc1 Kd7 26. h4 a6
27. Bxc6+ bxc6 28. Rc5 Kc7 29. a4 Kb6 30. Rh5 c5 31. Rxh7 c4 32. Re7 c3 1/2-1/2

[Event "Michigan Senior"]
[Site "Ann Arbor, MI"]
[Date "1998.??.??"]
[Round "?"]
[White "Wiener, Jack"]
[Black "Schey, Danny"]
[Result "1/2-1/2"]
[WhiteElo "1605"]
[BlackElo "1735"]
[PlyCount "87"]
[EventDate "1998.06.??"]

{6/13} 1. d4 Nf6 2. Nf3 g6 3. c4 Bg7 4. Nc3 d6 5. e4 O-O 6. Be2 e5 7. d5 a5 8.
O-O Na6 9. a3 Nc5 10. Qc2 a4 11. Nd2 Nfd7 12. b4 axb3 13. Nxb3 Nxb3 14. Qxb3
Nc5 15. Qc2 f5 16. Be3 Nxe4 17. Nxe4 fxe4 18. c5 Bf5 19. Rfb1 Rb8 20. g4 Bd7
21. Rb4 Qh4 22. Rxe4 Qh3 23. Qc4 h5 24. gxh5 gxh5 25. Kh1 Bg4 26. Rxg4 hxg4 27.
Bxg4 Qh7 28. Be6+ Kh8 29. Rg1 Rf6 30. Rg3 Bh6 31. Qh4 Rxe6 32. dxe6 Bg7 33. Qg4
Kg8 34. e7 Kf7 35. Qd7 Qb1+ 36. Kg2 Re8 37. Rf3+ Bf6 38. Rxf6+ Kxf6 39. Qxe8
Qe4+ 40. Kg3 Ke6 41. Qf8 Qg6+ 42. Kh3 Qh5+ 43. Kg2 Qg4+ 44. Kf1 1/2-1/2

[Event "U.S. Amateur North"]
[Site "Detroit, MI"]
[Date "1998.??.??"]
[Round "?"]
[White "Wiener, Jack"]
[Black "Moton, Michael"]
[Result "1-0"]
[WhiteElo "1605"]
[BlackElo "1605"]
[PlyCount "51"]
[EventDate "1998.05.??"]

{5/24} 1. d4 d5 2. c4 dxc4 3. Nc3 Nf6 4. e4 g6 5. Bxc4 Bg7 6. Nf3 Bg4 7. O-O
O-O 8. Be3 Nbd7 9. e5 Bxf3 10. Qxf3 Ne8 11. e6 fxe6 12. Bxe6+ Kh8 13. Qh3 Nef6
14. Ne2 Nb6 15. Nf4 Nh5 16. Nxg6+ hxg6 17. g4 Rf6 18. gxh5 Rxe6 19. hxg6+ Kg8
20. Qxe6+ Kh8 21. Rad1 Nd5 22. Bg5 Nf6 23. Rd3 Ng8 24. Rh3+ Nh6 25. Bxh6 Bf6
26. Bf8+ 1-0

[Event "Michigan Senior"]
[Site "Ann Arbor, MI"]
[Date "1998.??.??"]
[Round "?"]
[White "Wiener, Jack"]
[Black "Levadi, David"]
[Result "0-1"]
[WhiteElo "1605"]
[BlackElo "1860"]
[PlyCount "84"]
[EventDate "1998.06.??"]

{6/14} 1. d4 Nf6 2. Nf3 d5 3. c3 Nbd7 4. Qc2 e6 5. Nbd2 b6 6. e4 dxe4 7. Nxe4
Bb7 8. Bd3 Be7 9. O-O O-O 10. Neg5 h6 11. Nh7 Re8 12. Ne5 Nxe5 13. dxe5 Qd5 14.
Nxf6+ gxf6 15. f3 Qxe5 16. Be4 Bxe4 17. Qxe4 Qxe4 18. fxe4 Kh7 19. Rf3 Rad8 20.
Be3 Rd3 21. Raf1 Rg8 22. Rh3 Rg6 23. b4 Rxc3 24. Rd1 Bd6 25. Rf3 Rc2 26. g3
Rxa2 27. e5 Bxe5 28. Rd7 Kg7 29. Bf2 Bd6 30. h4 Rg4 31. Kg2 Rxb4 32. Kh3 f5 33.
Be1 Rbb2 34. Bc3+ Kg6 35. Bxb2 Rxb2 36. Rf1 Rb4 37. Re1 a5 38. Rd8 Rb3 39. Rg8+
Kh7 40. Rd1 Kxg8 41. Rxd6 cxd6 42. Kg2 a4 0-1

[Event "Michigan Open Reserve"]
[Site "Flint, MI"]
[Date "1998.??.??"]
[Round "?"]
[White "Wiener, Jack"]
[Black "Johnson, Donta"]
[Result "0-1"]
[WhiteElo "1605"]
[BlackElo "1605"]
[PlyCount "114"]
[EventDate "1998.09.??"]

1. c4 e5 2. Nc3 Nf6 3. e4 c6 4. Nf3 d6 5. Be2 Be7 6. d4 Nbd7 7. O-O O-O 8. Qc2
h6 9. b3 Re8 10. Bb2 Bf8 11. d5 Qc7 12. Rad1 a5 13. Nh4 Nc5 14. h3 Bd7 15. Bc1
Qc8 16. dxc6 bxc6 17. Nf5 Bxf5 18. exf5 Rd8 19. Be3 Na6 20. g4 Nc7 21. Kh1 d5
22. cxd5 cxd5 23. Na4 Qb7 24. Bb6 Rac8 25. f3 Rd6 26. Bf2 Ne6 27. Qb2 Nf4 28.
Qxe5 Nxe2 29. Qxe2 Rdc6 30. Bg3 Bb4 31. Bf4 Rc2 32. Qd3 Rxa2 33. Rc1 Re8 34.
Rc7 Qa8 35. Rc2 Rxc2 36. Qxc2 Qa6 37. Rf2 Bd6 38. Bd2 Re2 39. Kg2 Bb4 40. Qd1
Rxf2+ 41. Kxf2 Qd3 42. Ke1 Qe3+ 43. Kf1 Qxd2 44. Qxd2 Bxd2 45. Ke2 Bb4 46. Kd3
Kf8 47. Kd4 Ke7 48. h4 Kd6 49. g5 hxg5 50. hxg5 Nd7 51. Ke3 Nc5 52. f4 f6 53.
Nb6 Nxb3 54. Kd3 Kc6 55. Nc8 Kb7 56. gxf6 gxf6 57. Kc2 a4 0-1

[Event "U.S. Amateur North"]
[Site "Detroit, MI"]
[Date "1998.??.??"]
[Round "?"]
[White "Wiener, Jack"]
[Black "Gentry, Loyd"]
[Result "0-1"]
[WhiteElo "1605"]
[BlackElo "1755"]
[PlyCount "52"]
[EventDate "1998.05.??"]

{5/23} 1. d4 d5 2. c3 Nc6 3. Nf3 Bg4 4. e3 e5 5. Be2 Bxf3 6. Bxf3 e4 7. Be2 Bd6
8. O-O Qh4 9. g3 Qh3 10. Bg4 Qh6 11. Qb3 Nge7 12. Nd2 Qg6 13. Bh3 h5 14. f4 f5
15. Rf2 O-O-O 16. c4 h4 17. Rg2 dxc4 18. Qxc4 hxg3 19. Rxg3 Qh5 20. Nxe4 Qd1+
21. Kg2 Kb8 22. Nxd6 Rxd6 23. Qf7 Rdh6 24. Qc4 Rxh3 25. Rxh3 Rxh3 26. Kxh3 Qg4#
0-1

[Event "Michigan Open Reserve"]
[Site "Flint, MI"]
[Date "1998.??.??"]
[Round "?"]
[White "Wiener, Jack"]
[Black "Cowans, Winston"]
[Result "1-0"]
[WhiteElo "1605"]
[BlackElo "1605"]
[PlyCount "137"]
[EventDate "1998.09.??"]

1. c4 d6 2. d4 Nf6 3. Nf3 g6 4. Nc3 Bf5 5. e3 Nbd7 6. Be2 Bg7 7. Nh4 e6 8. Nxf5
exf5 9. O-O O-O 10. b3 Re8 11. Bb2 c6 12. Rc1 Qa5 13. Rc2 Ne4 14. Nxe4 Rxe4 15.
Bc3 Qc7 16. Bf3 Re7 17. Re1 Rae8 18. Rce2 c5 19. Ba1 Nf6 20. dxc5 dxc5 21. g3
b6 22. Bg2 Nd7 23. Bd5 Bxa1 24. Qxa1 Qe5 25. Qxe5 Nxe5 26. Kg2 Kg7 27. Rd1 f6
28. Red2 Nf7 29. Bc6 Rc8 30. Bb5 Rcc7 31. Rd7 Ng5 32. Rxc7 Rxc7 33. Rd7+ Rxd7
34. Bxd7 Ne4 35. g4 fxg4 36. Bxg4 Nc3 37. a3 Nb1 38. a4 f5 39. Bd1 Kf6 40. Bc2
Na3 41. Bd3 g5 42. Kf3 h5 43. h3 Ke5 44. Ke2 g4 45. h4 f4 46. exf4+ Kxf4 47.
Bg6 g3 48. fxg3+ Kxg3 49. Bxh5 Kxh4 50. Bg6 Kg4 51. Ke3 Kg5 52. Bd3 Kf6 53. Ke4
Ke6 54. Ke3 Ke5 55. Kd2 Kd4 56. Bh7 Ke5 57. Kc3 a5 58. Kb2 Nxc4+ 59. bxc4 Kd4
60. Kb3 Ke3 61. Kc3 Ke2 62. Bf5 Ke3 63. Be6 Ke2 64. Kc2 Ke1 65. Kd3 Kd1 66. Ke4
Kc2 67. Kd5 Kb3 68. Bd7 Kb4 69. Bb5 1-0

[Event "Michigan Open Reserve"]
[Site "Flint, MI"]
[Date "1998.??.??"]
[Round "?"]
[White "Wiener, Jack"]
[Black "Clay, C."]
[Result "0-1"]
[WhiteElo "1605"]
[BlackElo "1605"]
[PlyCount "100"]
[EventDate "1998.09.??"]

1. d4 Nf6 2. c4 c5 3. d5 b5 4. cxb5 a6 5. Nc3 d6 6. e4 g6 7. bxa6 Bxa6 8. Bxa6
Rxa6 9. Nf3 Bg7 10. O-O O-O 11. Qe2 Qc7 12. Qc2 e6 13. dxe6 fxe6 14. Ne2 d5 15.
Bf4 Qe7 16. exd5 Nxd5 17. Qc4 Nxf4 18. Nxf4 Rb6 19. Rfe1 Rf6 20. Nd5 exd5 21.
Qxd5+ Qf7 22. Qd8+ Bf8 23. Ne5 Qe7 24. Qd5+ Qe6 25. Qd2 c4 26. Nxg6 Qc8 27.
Qd5+ Kg7 28. Nxf8 Qxf8 29. Qxc4 Rxb2 30. Qc7+ Kh8 31. f3 Qg8 32. g3 Rxf3 33.
Qe5+ Qg7 34. Qxg7+ Kxg7 35. Re7+ Kg6 36. Rd1 Rxa2 37. Rd6+ Kg5 38. Rg7+ Kf5 39.
Rf7+ Ke4 40. Re6+ Kd5 41. Rxf3 Kxe6 42. Rb3 Nc6 43. Rb7 Ne5 44. Rxh7 Nf3+ 45.
Kh1 Ke5 46. Rh5+ Ke4 47. g4 Ke3 48. Rh3 Kf2 49. Rxf3+ Kxf3 50. h3 Kg3 0-1

[Event "Michigan Class C"]
[Site "Grand Rapids, MI"]
[Date "1998.??.??"]
[Round "?"]
[White "White, B."]
[Black "Foord, Larry"]
[Result "0-1"]
[WhiteElo "1605"]
[BlackElo "1605"]
[PlyCount "48"]
[EventDate "1998.01.??"]

1. f4 d5 2. e3 Bf5 3. Nf3 Nf6 4. Be2 h6 5. O-O Nbd7 6. d3 c6 7. Qe1 Qb6 8. Nc3
e6 9. Na4 Qc7 10. b3 b5 11. Nc3 Bd6 12. Nh4 Bh7 13. Bb2 g5 14. Nf3 gxf4 15.
exf4 Bxf4 16. Qh4 Rg8 17. Nd4 e5 18. Ndxb5 cxb5 19. Nxb5 Qb6+ 20. d4 Be4 21.
Bf3 Bxf3 22. Rxf3 Bg5 23. Qf2 e4 24. Re1 Qxb5 0-1

[Event "Michigan Class C"]
[Site "Grand Rapids, MI"]
[Date "1998.??.??"]
[Round "?"]
[White "White, B."]
[Black "Bedy, N."]
[Result "0-1"]
[WhiteElo "1605"]
[BlackElo "1605"]
[PlyCount "44"]
[EventDate "1998.01.??"]

1. f4 e5 2. Nf3 exf4 3. e3 fxe3 4. dxe3 Nf6 5. Be2 d5 6. O-O Bc5 7. Nd4 O-O 8.
Qe1 Re8 9. Nc3 c6 10. Qg3 Bd6 11. Qf2 Qc7 12. Nf3 Bg4 13. Qh4 Bxf3 14. Bxf3 Qe7
15. Bd2 Nbd7 16. Rae1 Nc5 17. e4 Ncxe4 18. Nxe4 Nxe4 19. Qxe7 Rxe7 20. Bc1 Bc5+
21. Be3 Bxe3+ 22. Rxe3 Rae8 0-1

[Event "U.S. Amateur North"]
[Site "Detroit, MI"]
[Date "1998.??.??"]
[Round "?"]
[White "Whitaker, Deshontae"]
[Black "Czymbor, K."]
[Result "0-1"]
[WhiteElo "1605"]
[BlackElo "1605"]
[PlyCount "116"]
[EventDate "1998.05.??"]

{5/23} 1. e4 e5 2. Bc4 Nf6 3. d3 c6 4. Nf3 d5 5. exd5 cxd5 6. Bb3 Bg4 7. Qe2
Bxf3 8. Qxf3 h6 9. Nc3 Bb4 10. O-O Bxc3 11. bxc3 O-O 12. Qg3 Nc6 13. Bxh6 Nh5
14. Qf3 Qf6 15. Qxh5 Qxh6 16. Qxh6 gxh6 17. Bxd5 Rae8 18. Bxc6 bxc6 19. Rab1
Re7 20. Rfe1 f5 21. Rb4 Rf6 22. d4 e4 23. Rb8+ Kf7 24. c4 f4 25. Rd8 Rg6 26. g3
h5 27. d5 e3 28. d6 exf2+ 29. Kxf2 fxg3+ 30. hxg3 Rf6+ 31. Kg2 Rxe1 32. d7 Rd6
33. c5 Rd2+ 34. Kf3 Re7 35. Rh8 Rexd7 36. Rxh5 Rxc2 37. g4 Rd5 38. Rh7+ Kg6 39.
Rxa7 Rdxc5 40. Ra3 R5c3+ 41. Rxc3 Rxc3+ 42. Ke4 Kg5 43. Kd4 Rc2 44. a4 Kxg4 45.
a5 Kf5 46. a6 Ra2 47. Kc5 Rxa6 48. Kb4 Ke4 49. Kc5 Ra1 50. Kxc6 Rd1 51. Kc5 Rd8
52. Kc6 Ke5 53. Kc7 Rd1 54. Kc6 Rd2 55. Kc7 Ke6 56. Kc8 Rc2+ 57. Kd8 Rc6 58.
Ke8 Rc8# 0-1

[Event "U.S. Amateur North"]
[Site "Detroit, MI"]
[Date "1998.??.??"]
[Round "?"]
[White "Whitaker, Deshontae"]
[Black "Biondo, Albert"]
[Result "0-1"]
[WhiteElo "1605"]
[BlackElo "1605"]
[PlyCount "96"]
[EventDate "1998.05.??"]

{5/24} 1. e4 c5 2. Nf3 Nc6 3. Bc4 g6 4. c3 Bg7 5. d4 cxd4 6. cxd4 e6 7. O-O Nf6
8. Bg5 Qb6 9. Bxf6 Bxf6 10. e5 Qxb2 11. Na3 Bd8 12. Nb5 Qb4 13. Rb1 Qe7 14.
Nd6+ Kf8 15. Qd2 Kg7 16. h4 b6 17. h5 h6 18. Bd3 f5 19. Qf4 Rf8 20. Qg3 g5 21.
Bb5 Bc7 22. Nh4 f4 23. Nxc8 fxg3 24. Nxe7 Nxe7 25. Nf3 gxf2+ 26. Rxf2 g4 27.
Nd2 Nf5 28. Bxd7 Nxd4 29. Nc4 b5 30. Bxb5 Rxf2 31. Kxf2 Rb8 32. a4 a6 33. Rd1
Rf8+ 34. Ke3 Nf5+ 35. Kf4 axb5 36. axb5 Bb8 37. Kxg4 Bxe5 38. Rd7+ Kf6 39. Nxe5
Kxe5 40. b6 Rb8 41. Kf3 Rxb6 42. g4 Rb3+ 43. Kf2 Nh4 44. Rh7 Kf4 45. Rxh6 e5
46. Re6 Rb2+ 47. Ke1 Kxg4 48. Rxe5 Nf3+ 0-1

[Event "Michigan Amateur"]
[Site "Kalamazoo "]
[Date "1998.??.??"]
[Round "?"]
[White "West, Tony"]
[Black "Vandivier, Don"]
[Result "1-0"]
[WhiteElo "1645"]
[BlackElo "1880"]
[PlyCount "45"]
[EventDate "1998.07.??"]

{7/18} 1. e4 c5 2. Nf3 Nc6 3. d4 cxd4 4. Nxd4 g6 5. Nc3 Bg7 6. Be3 Nf6 7. Bc4
O-O 8. f3 e6 9. Qd2 d5 10. exd5 Nxd5 11. Bxd5 exd5 12. O-O-O Ne5 13. Bf2 Be6
14. Nxe6 fxe6 15. Bd4 Nc4 16. Qe2 Qd6 17. Bxg7 Kxg7 18. Qxc4 Rac8 19. Qd4+ Kg8
20. Rhe1 Qxh2 21. Rxe6 Qxg2 22. Qxd5 Qxf3 23. Rxg6+ 1-0

[Event "Michigan Open Reserve"]
[Site "Flint, MI"]
[Date "1998.??.??"]
[Round "?"]
[White "West, Tony"]
[Black "Moore, Martin"]
[Result "0-1"]
[WhiteElo "1630"]
[BlackElo "1605"]
[PlyCount "94"]
[EventDate "1998.09.??"]

1. e4 e5 2. Nf3 Nc6 3. Bc4 Nf6 4. Ng5 d5 5. exd5 Nxd5 6. Nxf7 Kxf7 7. Qf3+ Ke8
8. Bxd5 Qd7 9. O-O Bd6 10. Nc3 g6 11. Re1 Rf8 12. Qd1 Qf5 13. Qf3 Qxf3 14. Bxf3
Nd4 15. Bd1 Bf5 16. d3 Kd7 17. Ne4 Bxe4 18. dxe4 Bc5 19. Be3 h5 20. c3 Ne6 21.
Ba4+ c6 22. Rad1+ Kc7 23. Bb3 Bxe3 24. Rxe3 Nc5 25. Bc2 Rad8 26. b4 Rxd1+ 27.
Bxd1 Rd8 28. Kf1 Rxd1+ 29. Ke2 Ra1 30. bxc5 Rxa2+ 31. Kf3 Ra5 32. Kg3 Rxc5 33.
Kh4 a5 34. Kg5 a4 35. Kxg6 a3 36. c4 Ra5 37. Re1 a2 38. Ra1 b5 39. f4 b4 40.
fxe5 b3 41. e6 b2 42. Rxa2 Rxa2 43. e7 b1=Q 44. e8=Q Rxg2+ 45. Kxh5 Qd1+ 46.
Kh6 Qd6+ 47. Kh5 Qxh2# 0-1